[Event "DEM U18w 2000"]
[Site "Überlingen GER"]
[Date "2000.06.05"]
[Round "3"]
[White "Wenke, Andrea"]
[Black "Kind, Veronika"]
[Result "0-1"]
[Termination "normal"]
[Board "8"]
[WhiteElo "992"]
[BlackElo "1622"]
[PlyCount "92"]
[WhiteFideId "24677736"]
[EventCountry "GER"]
[EventRounds "9"]
[EventType "swiss"]
[EventDate "2000.06.03"]

1. e4 c5 2. Nf3 d6 3. d4 cxd4 4. Nxd4 Nf6 5. Nc3 g6 6. Be3 Bg7 7. Qd2 Ng4 8.
Be2 Nxe3 9. Qxe3 O-O 10. O-O Bd7 11. Rad1 Nc6 12. Nf3 a6 13. a3 b5 14. b3 b4
15. axb4 Nxb4 16. Rd2 a5 17. Nd5 Nxd5 18. Rxd5 Qc7 19. c4 Rfb8 20. Bd1 a4 21.
bxa4 Bxa4 22. Bxa4 Rxa4 23. Nd2 Rbb4 24. f4 Qb7 25. Qd3 Qa7+ 26. Kh1 Ra3 27.
Qe2 Rb2 28. Qf2 Qxf2 29. Rxf2 Bc3 30. Kg1 Bxd2 31. Rfxd2 Rb4 32. Rc2 Raa4 33.
Rd4 Kg7 34. Kf2 Kf6 35. Ke3 Ra3+ 36. Rd3 Ra1 37. h3 Re1+ 38. Kd2 Rxe4 39. c5
dxc5 40. Rxc5 Rxf4 41. Rc6+ Kg7 42. Kc3 Ra4 43. Kb3 Rfb4+ 44. Kc3 Ra3+ 45. Kxb4
Rxd3 46. Rc2 e5 0-1

[Event "DEM U18w 2000"]
[Site "Überlingen GER"]
[Date "2000.06.05"]
[Round "3"]
[White "Böck, Katharina"]
[Black "Gimmerthal, Ina"]
[Result "1/2-1/2"]
[Termination "normal"]
[Board "9"]
[WhiteElo "1256"]
[BlackElo "1369"]
[PlyCount "40"]
[EventCountry "GER"]
[EventRounds "9"]
[EventType "swiss"]
[EventDate "2000.06.03"]

1. d4 Nf6 2. Nf3 c5 3. e3 cxd4 4. exd4 b6 5. Bf4 Bb7 6. Nbd2 d6 7. Bd3 g6 8.
O-O Bg7 9. c3 O-O 10. Qc2 Nbd7 11. Rfe1 Re8 12. h3 Qc7 13. Re2 Nd5 14. Bg3 Rac8
15. Qb3 a6 16. a4 Bh6 17. Ne4 Nf4 18. Bxf4 Bxf4 19. Rae1 e6 20. Qc2 Bxe4
1/2-1/2

[Event "DEM U18w 2000"]
[Site "Überlingen GER"]
[Date "2000.06.05"]
[Round "3"]
[White "Schulz, Susanne"]
[Black "Fenske, Nora"]
[Result "0-1"]
[Termination "normal"]
[Board "10"]
[WhiteElo "1730"]
[BlackElo "1764"]
[PlyCount "74"]
[EventCountry "GER"]
[EventRounds "9"]
[EventType "swiss"]
[EventDate "2000.06.03"]

1. d4 d6 2. Nf3 Nf6 3. Bf4 g6 4. e3 Bg7 5. Be2 O-O 6. O-O Nbd7 7. h3 Qe8 8. c3
e5 9. dxe5 dxe5 10. Bh2 Qe7 11. Nbd2 Rd8 12. Qc2 b6 13. Rfd1 Bb7 14. Nc4 Nd5
15. Rd2 a5 16. Rad1 e4 17. Nd4 Nc5 18. Nb3 Nxb3 19. Qxb3 h5 20. Na3 Qg5 21. c4
Nb4 22. Bxc7 Rxd2 23. Rxd2 Bc6 24. Bxb6 Nd3 25. Bxd3 exd3 26. g3 Qf5 27. Qxd3
Be4 28. Qe2 Qxh3 29. f4 Qxg3+ 30. Kf1 Bf6 31. Qf2 Qh3+ 32. Ke2 Qg4+ 33. Kf1 Bh4
34. Qh2 Bg3 35. Qe2 Qh3+ 36. Qg2 Bxg2+ 37. Rxg2 Qh1+ 0-1

[Event "DEM U18w 2000"]
[Site "Überlingen GER"]
[Date "2000.06.05"]
[Round "3"]
[White "Mädel, Katja"]
[Black "Fried, Annika"]
[Result "1/2-1/2"]
[Termination "normal"]
[Board "11"]
[WhiteElo "1515"]
[BlackElo "1552"]
[PlyCount "38"]
[EventCountry "GER"]
[EventRounds "9"]
[EventType "swiss"]
[EventDate "2000.06.03"]

1. e4 c5 2. f4 Nc6 3. Nf3 e6 4. g3 Nge7 5. d3 d5 6. Nc3 dxe4 7. Nxe4 Nf5 8. Bg2
b6 9. O-O Bb7 10. Neg5 Be7 11. Qe1 O-O 12. Nxe6 fxe6 13. Qxe6+ Kh8 14. Ne5 Qd4+
15. Kh1 Nd8 16. Qb3 Bxg2+ 17. Kxg2 Bf6 18. Re1 Ne7 19. Qb5 Qd5+ 1/2-1/2

[Event "DEM U18w 2000"]
[Site "Überlingen GER"]
[Date "2000.06.05"]
[Round "3"]
[White "Diehle, Julia"]
[Black "Pielawa, Susanne"]
[Result "1-0"]
[Termination "normal"]
[Board "12"]
[WhiteElo "1545"]
[BlackElo "1471"]
[PlyCount "94"]
[EventCountry "GER"]
[EventRounds "9"]
[EventType "swiss"]
[EventDate "2000.06.03"]

1. c4 e6 2. g3 Nf6 3. Bg2 d5 4. cxd5 exd5 5. Nf3 Bd6 6. O-O O-O 7. Nc3 c6 8. d4
Bf5 9. Nh4 Be6 10. Qc2 Nbd7 11. Nf3 Qc7 12. Bg5 h6 13. Bd2 Rfe8 14. Rfc1 Bg4
15. e3 Bh5 16. Qb3 a6 17. Be1 Bg6 18. Nh4 Bh7 19. Nxd5 Nxd5 20. Bxd5 Nf6 21.
Bg2 Qd7 22. Bb4 Bc7 23. Bc5 Rab8 24. Ba7 Rbd8 25. Qxb7 Be4 26. Bxe4 Nxe4 27.
Qxc6 Qxc6 28. Rxc6 Rd7 29. Bb6 Bxb6 30. Rxb6 Rc8 31. Nf3 Rc2 32. Rf1 Rdc7 33.
d5 a5 34. Nd4 Rd2 35. Rc6 Rd7 36. Rc2 Rxc2 37. Nxc2 Rxd5 38. Nd4 Rc5 39. Rd1
Rc7 40. Kf1 Kf8 41. f3 Nf6 42. Ke2 Ke7 43. Rd2 Nd7 44. Rc2 Rb7 45. Nc6+ Kf6 46.
Nxa5 Ra7 47. b4 Ke5 1-0

[Event "DEM U18w 2000"]
[Site "Überlingen GER"]
[Date "2000.06.06"]
[Round "4"]
[White "Klawonn, Malin"]
[Black "Kouznetsova, Elena"]
[Result "1/2-1/2"]
[Termination "normal"]
[Board "3"]
[WhiteElo "1922"]
[BlackElo "2028"]
[PlyCount "176"]
[EventCountry "GER"]
[EventRounds "9"]
[EventType "swiss"]
[EventDate "2000.06.03"]

1. d4 d5 2. c4 e6 3. g3 Nf6 4. Bg2 c6 5. Nf3 Bd6 6. O-O Nbd7 7. Qc2 O-O 8. b3
dxc4 9. Qxc4 e5 10. Qc2 Re8 11. dxe5 Nxe5 12. Nbd2 Qe7 13. e3 Nd5 14. a3 Ng4
15. Nc4 Bc7 16. h3 Ngf6 17. Bb2 b5 18. Nce5 c5 19. e4 Nb6 20. Rfe1 Bb7 21. Re2
Rac8 22. Rae1 h6 23. Ng4 Nxg4 24. hxg4 b4 25. Nh4 Be5 26. Nf5 Qf6 27. Bxe5 Qxe5
28. f4 Qe6 29. Qb2 Qg6 30. e5 Bxg2 31. Kxg2 Rc7 32. Nd6 Ree7 33. f5 Qxg4 34.
Re4 Qg5 35. Qe2 Nd5 36. Qf3 Nc3 37. R4e3 Rcd7 38. Ne4 Nxe4 39. Rxe4 Rd2+ 40.
Kg1 Red7 41. Rg4 Qd8 42. f6 Rd1 43. Rxg7+ Kh8 44. Rxd1 Rxd1+ 45. Kh2 Qd2+ 46.
Kh3 Qd7+ 47. Kh4 Qd4+ 48. Rg4 Qd8 49. axb4 cxb4 50. Rxb4 Re1 51. Re4 Qd5 52.
Re3 Rh1+ 53. Kg4 Qe6+ 54. Kf4 Kh7 55. Qg4 Qxg4+ 56. Kxg4 Rb1 57. Rf3 Kg8 58.
Kf5 Kf8 59. e6 fxe6+ 60. Kxe6 Re1+ 61. Kf5 Kf7 62. g4 Rg1 63. Rf4 Rg2 64. Ra4
Rf2+ 65. Ke5 Rg2 66. Kf4 Kxf6 67. Ra6+ Kf7 68. Rxa7+ Kf6 69. Ra6+ Kg7 70. b4
Rb2 71. Rb6 Kf7 72. Kf5 Rf2+ 73. Ke4 Re2+ 74. Kf3 Rb2 75. Rxh6 Rxb4 76. Ra6 Rc4
77. Kg3 Rb4 78. Kh4 Rb5 79. g5 Rb1 80. Rf6+ Kg7 81. Rf4 Kg6 82. Rf6+ Kg7 83.
Rc6 Rh1+ 84. Kg4 Rg1+ 85. Kf5 Rf1+ 86. Ke6 Re1+ 87. Kd7 Rd1+ 88. Kc7 Rg1
1/2-1/2

[Event "DEM U18w 2000"]
[Site "Überlingen GER"]
[Date "2000.06.06"]
[Round "4"]
[White "Hippe, Franziska"]
[Black "Bauer, Kerstin"]
[Result "1/2-1/2"]
[Termination "normal"]
[Board "4"]
[WhiteElo "1672"]
[BlackElo "1770"]
[PlyCount "72"]
[EventCountry "GER"]
[EventRounds "9"]
[EventType "swiss"]
[EventDate "2000.06.03"]

1. e4 c5 2. Nf3 Nc6 3. d4 cxd4 4. Nxd4 g6 5. c4 Bg7 6. Be3 Nf6 7. Nc3 d6 8. Be2
O-O 9. O-O a6 10. f4 e5 11. Nc2 Re8 12. f5 Nd4 13. Nxd4 exd4 14. Bxd4 Nxe4 15.
Nxe4 Rxe4 16. Bxg7 Kxg7 17. Qc2 Qb6+ 18. Kh1 Re5 19. f6+ Kg8 20. Qd2 Qe3 21.
Qxe3 Rxe3 22. Bf3 Rb8 23. Rad1 Be6 24. b3 b5 25. cxb5 axb5 26. Rxd6 h5 27. Rfd1
Rc3 28. Kg1 Rc2 29. R6d2 Rbc8 30. Be4 Rxd2 31. Rxd2 Kh7 32. Kf2 Kh6 33. Ke3 Kg5
34. Rf2 Bf5 35. Bxf5 gxf5 36. Rd2 Kxf6 1/2-1/2

[Event "DEM U18w 2000"]
[Site "Überlingen GER"]
[Date "2000.06.06"]
[Round "4"]
[White "Kind, Veronika"]
[Black "Rezai-Perdomo, Yuanné"]
[Result "0-1"]
[Termination "normal"]
[Board "5"]
[WhiteElo "1622"]
[BlackElo "1793"]
[PlyCount "74"]
[EventCountry "GER"]
[EventRounds "9"]
[EventType "swiss"]
[EventDate "2000.06.03"]

1. e4 d5 2. exd5 Nf6 3. d4 Bg4 4. Nf3 Qxd5 5. Be2 Nc6 6. c4 Qh5 7. Be3 O-O-O 8.
Nbd2 e6 9. a3 h6 10. Rc1 g5 11. h3 Bd6 12. Rf1 Bxf3 13. Bxf3 Qh4 14. Bxc6 bxc6
15. Qf3 g4 16. Qxc6 gxh3 17. gxh3 Qxh3 18. b4 Rhg8 19. c5 Bh2 20. Qa6+ Kd7 21.
c6+ Ke7 22. Qxa7 Nd5 23. Qa6 Nxe3 24. fxe3 Qxe3+ 25. Qe2 Bg3+ 26. Kd1 Qxa3 27.
Qf3 Qxf3+ 28. Rxf3 Rxd4 29. b5 Bf4 30. Rxf4 Rxf4 31. Ke2 Rb4 32. Rc5 Rb8 33.
Rh5 R4xb5 34. Rxh6 Re5+ 35. Kf3 Rbb5 36. Ne4 Rh5 37. Rxh5 Rxh5 0-1

[Event "DEM U18w 2000"]
[Site "Überlingen GER"]
[Date "2000.06.06"]
[Round "4"]
[White "Goerke, Marina"]
[Black "Fliter, Irena"]
[Result "0-1"]
[Termination "normal"]
[Board "6"]
[WhiteElo "1502"]
[BlackElo "2099"]
[PlyCount "78"]
[BlackFideId "4667387"]
[EventCountry "GER"]
[EventRounds "9"]
[EventType "swiss"]
[EventDate "2000.06.03"]

1. Nf3 d6 2. d4 Bg4 3. c4 Bxf3 4. gxf3 Nc6 5. Nc3 g6 6. e4 e5 7. d5 Nb8 8. Bh3
Nd7 9. O-O Bg7 10. f4 exf4 11. Bxf4 Ngf6 12. e5 dxe5 13. Re1 O-O 14. Bg5 h6 15.
Bh4 g5 16. Bg3 Re8 17. Ne4 Nxe4 18. Rxe4 Nc5 19. Re3 e4 20. f4 Nd3 21. Bf5 Bd4
22. Bf2 Qf6 23. Qg4 Nxf2 24. Kxf2 Bxe3+ 25. Kxe3 Qb6+ 26. c5 Qxc5+ 27. Ke2 Qc2+
28. Kf1 Qxb2 29. Re1 e3 30. Re2 Qa1+ 31. Kg2 Qg7 32. fxg5 Qxg5 33. Qxg5+ hxg5
34. Kf3 Re5 35. Bc2 Rae8 36. Bb3 Kg7 37. Kg4 f6 38. h4 Re4+ 39. Kf3 Rxh4 0-1

[Event "DEM U18w 2000"]
[Site "Überlingen GER"]
[Date "2000.06.06"]
[Round "4"]
[White "Fenske, Nora"]
[Black "Gimmerthal, Ina"]
[Result "1-0"]
[Termination "normal"]
[Board "7"]
[WhiteElo "1764"]
[BlackElo "1369"]
[PlyCount "61"]
[EventCountry "GER"]
[EventRounds "9"]
[EventType "swiss"]
[EventDate "2000.06.03"]

1. e4 d5 2. exd5 Qxd5 3. Nc3 Qa5 4. d4 Nf6 5. Bc4 Bf5 6. Bd2 c6 7. Qe2 e6 8. d5
cxd5 9. Nxd5 Qd8 10. Nxf6+ gxf6 11. g4 Bg6 12. Bc3 Be7 13. Rd1 Qc7 14. h4 h6
15. Nf3 Nd7 16. Bb5 O-O-O 17. Bd4 Kb8 18. Rh3 Qxc2 19. Nd2 Qc7 20. Rc3 Qh2 21.
Nf1 Qxh4 22. Qc4 Rc8 23. Bxa7+ Kxa7 24. Qa4+ Kb8 25. Rxd7 Rxc3 26. bxc3 Bc5 27.
Qf4+ e5 28. Qf3 e4 29. Qf4+ Ka7 30. Qc7 Qxf2+ 31. Kd1 1-0

[Event "DEM U18w 2000"]
[Site "Überlingen GER"]
[Date "2000.06.06"]
[Round "4"]
[White "Köster, Sabrina"]
[Black "Piochacz, Petra"]
[Result "1/2-1/2"]
[Termination "normal"]
[Board "8"]
[WhiteElo "1545"]
[BlackElo "1589"]
[PlyCount "33"]
[EventCountry "GER"]
[EventRounds "9"]
[EventType "swiss"]
[EventDate "2000.06.03"]

1. d4 d5 2. c4 e5 3. dxe5 d4 4. Nf3 Nc6 5. Bg5 Be7 6. Bxe7 Ngxe7 7. Nbd2 Ng6 8.
Nb3 Ngxe5 9. Nxe5 Nxe5 10. Qxd4 Qxd4 11. Nxd4 Nxc4 12. b3 Nd6 13. e3 O-O 14.
Be2 c5 15. Nf3 Be6 16. O-O h6 17. Rfd1 1/2-1/2

[Event "DEM U18w 2000"]
[Site "Überlingen GER"]
[Date "2000.06.06"]
[Round "4"]
[White "Wenke, Andrea"]
[Black "Böck, Katharina"]
[Result "0-1"]
[Termination "normal"]
[Board "10"]
[WhiteElo "992"]
[BlackElo "1256"]
[PlyCount "156"]
[WhiteFideId "24677736"]
[EventCountry "GER"]
[EventRounds "9"]
[EventType "swiss"]
[EventDate "2000.06.03"]

1. e4 e6 2. d4 d5 3. exd5 exd5 4. Bd3 Bd6 5. Ne2 Nf6 6. Bf4 O-O 7. O-O Bg4 8.
Bxd6 Qxd6 9. c3 Nbd7 10. Qc2 Rfe8 11. Ng3 c6 12. Nd2 h6 13. Rfe1 Nf8 14. Bf5
Ne6 15. h3 Bxf5 16. Nxf5 Qc7 17. Nf3 Ne4 18. Re2 Nf4 19. Re3 Re6 20. Rae1 Rae8
21. Nd2 Ng5 22. Rxe6 fxe6 23. Nh4 Qf7 24. Kh2 Nfxh3 25. Ndf3 Nxf3+ 26. Nxf3 Nf4
27. Re5 Ng6 28. Re3 Qf6 29. Qa4 a6 30. Qb4 Qe7 31. Qa5 Rf8 32. g3 Rf5 33. Kg2
h5 34. Qa4 h4 35. Qd1 hxg3 36. fxg3 e5 37. dxe5 Nxe5 38. Nxe5 Rxe5 39. Rxe5
Qxe5 40. Qb3 Qe2+ 41. Kh3 Qb5 42. Qc2 Qf1+ 43. Kh4 Qc4+ 44. g4 Qxa2 45. Qf5
Qxb2 46. Qc8+ Kf7 47. Qd7+ Kf6 48. Qf5+ Ke7 49. Qe5+ Kd7 50. Qxg7+ Kc8 51. Qf8+
Kc7 52. Qe7+ Kb6 53. Qe3+ Ka5 54. Qc5+ Qb5 55. Qxb5+ axb5 56. g5 d4 57. cxd4 b4
58. g6 b3 59. g7 b2 60. g8=Q b1=Q 61. Qa8+ Kb6 62. Qd8+ Kb5 63. Qg5+ Ka6 64.
Qe3 Qb2 65. Kg3 Qb4 66. Qe2+ Qb5 67. Qa2+ Kb6 68. Kf4 Qd5 69. Qb1+ Kc7 70. Qh7+
Qd7 71. Qe4 Qf7+ 72. Ke3 Kd7 73. Qg4+ Qe6+ 74. Qxe6+ Kxe6 75. Kd3 Kd5 76. Kc3
b6 77. Kd3 b5 78. Kc3 Ke4 0-1

[Event "DEM U18w 2000"]
[Site "Überlingen GER"]
[Date "2000.06.06"]
[Round "4"]
[White "Fried, Annika"]
[Black "Schulz, Susanne"]
[Result "1-0"]
[Termination "normal"]
[Board "11"]
[WhiteElo "1552"]
[BlackElo "1730"]
[PlyCount "125"]
[EventCountry "GER"]
[EventRounds "9"]
[EventType "swiss"]
[EventDate "2000.06.03"]

1. e4 d5 2. exd5 Qxd5 3. Nc3 Qa5 4. d4 c6 5. Bc4 Nf6 6. h3 Bf5 7. Nf3 h6 8. Bd2
Qd8 9. O-O e6 10. Bf4 Be7 11. Qd2 O-O 12. Rad1 Nbd7 13. Rfe1 Nb6 14. Bb3 Nbd5
15. Nxd5 cxd5 16. Ne5 Ne4 17. Qe2 Bg5 18. Qe3 Bh4 19. g3 Bg5 20. h4 Bf6 21. Qf3
Nd6 22. Ng4 Be4 23. Nxf6+ Qxf6 24. Qg4 Nb5 25. c3 Rac8 26. Rxe4 dxe4 27. Be5 h5
28. Qxe4 Qe7 29. Bc2 f5 30. Qe2 g6 31. Qxb5 g5 32. hxg5 Qxg5 33. Qxb7 h4 34.
Qf3 Rf7 35. Qf4 Qxf4 36. Bxf4 Rg7 37. Kh2 hxg3+ 38. fxg3 Kf7 39. Rh1 Rcg8 40.
Kg2 Rg4 41. Rf1 Ke7 42. b4 Rc8 43. Rf3 Rg7 44. Be5 Rh7 45. Bb3 Rh5 46. Re3 Kd7
47. c4 a6 48. Ba4+ Ke7 49. c5 Rh6 50. Bd6+ Kf7 51. Be5 Rg6 52. c6 Ke7 53. c7
Rgg8 54. Bc6 Rcf8 55. Rf3 Rc8 56. a4 Rxc7 57. Bxc7 Rc8 58. Bb7 Rxc7 59. Bxa6
Kd6 60. b5 Rc4 61. b6 Rb4 62. b7 Rb6 63. Rc3 1-0

[Event "DEM U18w 2000"]
[Site "Überlingen GER"]
[Date "2000.06.06"]
[Round "4"]
[White "Pielawa, Susanne"]
[Black "Mädel, Katja"]
[Result "1-0"]
[Termination "normal"]
[Board "12"]
[WhiteElo "1471"]
[BlackElo "1515"]
[PlyCount "107"]
[EventCountry "GER"]
[EventRounds "9"]
[EventType "swiss"]
[EventDate "2000.06.03"]

1. e4 e5 2. Nf3 Nf6 3. Nxe5 Qe7 4. d4 d6 5. Nf3 Nxe4 6. Be3 Bg4 7. Bd3 Nc6 8.
O-O O-O-O 9. c4 f5 10. Re1 Qf7 11. d5 Nb4 12. Bxe4 fxe4 13. Ng5 Qf5 14. Qa4 Nd3
15. Rf1 a6 16. Ne6 Rd7 17. b4 Qf7 18. Ng5 Qf6 19. Nxe4 Qb2 20. Nbc3 Qxb4 21.
Qxb4 Nxb4 22. Rab1 Nd3 23. Rb3 Ne5 24. Rfb1 b6 25. a4 Nxc4 26. Bd4 Bf5 27. Rb4
Na5 28. Rc1 Rf7 29. f3 Be7 30. Ne2 Kb7 31. N2g3 Bg6 32. Rb2 Bh4 33. Nxd6+ cxd6
34. Rxb6+ Ka8 35. Rxa6+ Kb8 36. Rxa5 Bxg3 37. hxg3 Rb7 38. Rb5 Rxb5 39. axb5
Rc8 40. Rxc8+ Kxc8 41. Bxg7 Bf7 42. Bd4 Bxd5 43. Kf2 Kd7 44. Ke3 Kd8 45. Kf4
Bc4 46. b6 Bf1 47. Kg5 Bxg2 48. f4 Be4 49. Kf6 Kd7 50. f5 Bd3 51. g4 Be2 52. g5
Bf3 53. Kg7 Be4 54. f6 1-0

[Event "DEM U18w 2000"]
[Site "Überlingen GER"]
[Date "2000.06.06"]
[Round "5"]
[White "Tepluhina, Katharina"]
[Black "Klawonn, Malin"]
[Result "0-1"]
[Termination "normal"]
[Board "1"]
[WhiteElo "1935"]
[BlackElo "1922"]
[PlyCount "66"]
[EventCountry "GER"]
[EventRounds "9"]
[EventType "swiss"]
[EventDate "2000.06.03"]

1. e4 c5 2. Nf3 Nc6 3. d4 cxd4 4. Nxd4 Qc7 5. Nc3 e6 6. g3 a6 7. Bg2 Nge7 8.
O-O Nxd4 9. Qxd4 Nc6 10. Qd1 Be7 11. Be3 O-O 12. f4 d6 13. Kh1 b5 14. a3 Rb8
15. Ne2 Bb7 16. Qd3 Rfd8 17. c4 Ba8 18. b4 Qb7 19. Rab1 bxc4 20. Qxc4 d5 21.
exd5 exd5 22. Qd3 d4 23. Bxd4 Ne5 24. Bxb7 Bxb7+ 25. Kg1 Nxd3 26. Rb3 Be4 27.
g4 Rbc8 28. Ng3 Rxd4 29. Nxe4 Rxe4 30. Rxd3 Rc2 31. Rf2 Rxf2 32. Kxf2 Rxf4+ 33.
Kg3 Rf6 0-1

[Event "DEM U18w 2000"]
[Site "Überlingen GER"]
[Date "2000.06.06"]
[Round "5"]
[White "Umpfenbach, Carolin"]
[Black "Polushkina, Svetlana"]
[Result "1/2-1/2"]
[Termination "normal"]
[Board "2"]
[WhiteElo "2036"]
[BlackElo "2092"]
[PlyCount "74"]
[WhiteFideId "4655117"]
[BlackFideId "4667727"]
[EventCountry "GER"]
[EventRounds "9"]
[EventType "swiss"]
[EventDate "2000.06.03"]

1. d4 d5 2. c4 e6 3. Nf3 Nf6 4. Bg5 Bb4+ 5. Nc3 O-O 6. e3 c5 7. Rc1 cxd4 8.
exd4 h6 9. Bxf6 Qxf6 10. Be2 dxc4 11. Bxc4 Nc6 12. O-O Bxc3 13. bxc3 b6 14. Re1
Bb7 15. Bd3 Rfd8 16. Qe2 Ne7 17. Ne5 Qg5 18. g3 Nd5 19. h4 Qe7 20. Be4 Rac8 21.
Qf3 b5 22. Qd3 Nf6 23. Bxb7 Qxb7 24. Rb1 a6 25. a4 Rd5 26. axb5 axb5 27. Rb3
Qc7 28. Qb1 Nd7 29. Nd3 Nb6 30. Rxb5 Rxb5 31. Qxb5 Qxc3 32. d5 exd5 33. Rc1 Qd4
34. Rxc8+ Nxc8 35. Nf4 Qa1+ 36. Kg2 Qe5 37. Qxd5 Qxd5+ 1/2-1/2

[Event "DEM U18w 2000"]
[Site "Überlingen GER"]
[Date "2000.06.06"]
[Round "5"]
[White "Fliter, Irena"]
[Black "Lange, Corinna"]
[Result "1-0"]
[Termination "normal"]
[Board "3"]
[WhiteElo "2099"]
[BlackElo "1787"]
[PlyCount "71"]
[WhiteFideId "4667387"]
[EventCountry "GER"]
[EventRounds "9"]
[EventType "swiss"]
[EventDate "2000.06.03"]

1. e4 e6 2. d4 d5 3. exd5 exd5 4. c4 Nf6 5. Nc3 Bb4 6. Bd3 O-O 7. Nge2 Re8 8.
O-O dxc4 9. Bxc4 Bxc3 10. bxc3 Be6 11. Bd3 c6 12. Bg5 Nbd7 13. Ng3 Qa5 14. Bd2
Qc7 15. Re1 Nf8 16. Qc2 Ng6 17. Rab1 b6 18. Qa4 Bd7 19. Qc2 Nf4 20. Bc4 N6d5
21. Nf5 g6 22. Ne3 Nxe3 23. fxe3 Bf5 24. e4 Be6 25. Bxe6 Nxe6 26. Rf1 Rad8 27.
Rf3 Rd7 28. Rbf1 Kg7 29. Be3 h6 30. Qc1 Rh8 31. Rh3 h5 32. Rhf3 Qd8 33. d5 cxd5
34. exd5 Rxd5 35. Rxf7+ Kg8 36. Qc2 1-0

[Event "DEM U18w 2000"]
[Site "Überlingen GER"]
[Date "2000.06.06"]
[Round "5"]
[White "Kouznetsova, Elena"]
[Black "Fenske, Nora"]
[Result "0-1"]
[Termination "normal"]
[Board "4"]
[WhiteElo "2028"]
[BlackElo "1764"]
[PlyCount "162"]
[EventCountry "GER"]
[EventRounds "9"]
[EventType "swiss"]
[EventDate "2000.06.03"]

1. e4 c5 2. Nf3 d6 3. d4 cxd4 4. Nxd4 Nf6 5. Nc3 a6 6. Be2 e6 7. O-O b5 8. Bf3
Ra7 9. Be3 Rc7 10. g4 b4 11. Nce2 Bb7 12. Ng3 Be7 13. Bg2 O-O 14. Qe2 Qc8 15.
g5 Nfd7 16. f4 Nc6 17. Nb3 a5 18. Qh5 Re8 19. f5 exf5 20. Nxf5 Bf8 21. Rf4 g6
22. Nh6+ Bxh6 23. Qxh6 Nce5 24. Nd4 Nf8 25. Nb5 Rd7 26. Rc1 Qc4 27. Bf1 Qc8 28.
Be2 d5 29. c3 dxe4 30. cxb4 Qd8 31. Rcf1 axb4 32. Bc5 Ne6 33. Rh4 Qxg5+ 34.
Qxg5 Nxg5 35. Nd6 Rxd6 36. Bxd6 Nef3+ 37. Bxf3 Nxf3+ 38. Rxf3 exf3 39. Rxb4
Re1+ 40. Kf2 Re2+ 41. Kf1 Ba6 42. Rb6 Bd3 43. Rb8+ Kg7 44. Bf8+ Kf6 45. Rb3
Rd2+ 46. Ke1 f2+ 47. Kxd2 f1=Q 48. Rxd3 Qb1 49. Rf3+ Ke6 50. Re3+ Kd5 51. Rd3+
Ke4 52. Re3+ Kd5 53. Rd3+ Ke6 54. Re3+ Kd7 55. Rd3+ Ke8 56. Bg7 Qxa2 57. Bf6
Qa5+ 58. Kd1 Qa4+ 59. b3 Qg4+ 60. Kc2 Qg2+ 61. Rd2 Qc6+ 62. Bc3 f5 63. Re2+ Kf7
64. b4 Qc4 65. Rd2 f4 66. Rd4 Qe2+ 67. Rd2 Qe4+ 68. Kd1 f3 69. Rf2 Qd3+ 70. Bd2
Qb1+ 71. Bc1 Qb3+ 72. Ke1 Qc3+ 73. Kd1 Qb3+ 74. Ke1 Qxb4+ 75. Kd1 Qb3+ 76. Ke1
Kf6 77. Rb2 Qc3+ 78. Kd1 Qd4+ 79. Rd2 Qg1+ 80. Kc2 f2 81. Bb2+ Ke6 0-1

[Event "DEM U18w 2000"]
[Site "Überlingen GER"]
[Date "2000.06.06"]
[Round "5"]
[White "Bauer, Kerstin"]
[Black "Kind, Veronika"]
[Result "1-0"]
[Termination "normal"]
[Board "6"]
[WhiteElo "1770"]
[BlackElo "1622"]
[PlyCount "97"]
[EventCountry "GER"]
[EventRounds "9"]
[EventType "swiss"]
[EventDate "2000.06.03"]

1. d4 Nf6 2. c4 g6 3. Nc3 d5 4. Nf3 Bg7 5. e3 O-O 6. Be2 dxc4 7. Bxc4 Bf5 8.
O-O Nc6 9. a3 Na5 10. Be2 Bc8 11. b4 Nc6 12. Bb2 e6 13. Rc1 Ne7 14. Nb5 c6 15.
Nc3 Nfd5 16. b5 Nxc3 17. Rxc3 Nd5 18. Rc2 cxb5 19. Bxb5 Bd7 20. Qe2 a6 21. Bd3
Ba4 22. Rc5 Rc8 23. Rfc1 Rxc5 24. Rxc5 Qd7 25. Qd2 Rc8 26. Qc1 Rxc5 27. Qxc5
Bf8 28. Qc1 Bd6 29. e4 Bf4 30. Qe1 Nc7 31. Qc3 Qc6 32. Kf1 Qxc3 33. Bxc3 Bd6
34. Bb4 Bxb4 35. axb4 Kf8 36. Ke2 Ke7 37. Ke3 Bb5 38. Bxb5 Nxb5 39. Kd3 Na3 40.
Kc3 b5 41. Nd2 Kd6 42. Kb3 Nc4 43. Nxc4+ bxc4+ 44. Kxc4 f5 45. f3 h6 46. g4 f4
47. d5 e5 48. h4 g5 49. h5 1-0

[Event "DEM U18w 2000"]
[Site "Überlingen GER"]
[Date "2000.06.06"]
[Round "5"]
[White "Diehle, Julia"]
[Black "Köster, Sabrina"]
[Result "1/2-1/2"]
[Termination "normal"]
[Board "7"]
[WhiteElo "1545"]
[BlackElo "1545"]
[PlyCount "46"]
[EventCountry "GER"]
[EventRounds "9"]
[EventType "swiss"]
[EventDate "2000.06.03"]

1. c4 Nf6 2. g3 g6 3. Bg2 Bg7 4. Nc3 O-O 5. d3 d6 6. Rb1 e5 7. b4 Nbd7 8. e3
Ne8 9. Nge2 f5 10. O-O Nef6 11. Ba3 h5 12. b5 h4 13. Nd5 g5 14. f4 hxg3 15.
hxg3 Ng4 16. Bf3 gxf4 17. exf4 exf4 18. Nexf4 Nde5 19. Bc1 Nxf3+ 20. Qxf3 Bd4+
21. Kg2 Kg7 22. Ne2 Bb6 23. Rh1 Kf7 1/2-1/2

[Event "DEM U18w 2000"]
[Site "Überlingen GER"]
[Date "2000.06.06"]
[Round "5"]
[White "Gimmerthal, Ina"]
[Black "Goerke, Marina"]
[Result "0-1"]
[Termination "normal"]
[Board "9"]
[WhiteElo "1369"]
[BlackElo "1502"]
[PlyCount "106"]
[EventCountry "GER"]
[EventRounds "9"]
[EventType "swiss"]
[EventDate "2000.06.03"]

1. d4 Nf6 2. c4 d6 3. Nf3 g6 4. Nc3 Bg7 5. e4 O-O 6. g3 Nc6 7. Bg2 e5 8. d5 Ne7
9. O-O Ne8 10. Nd2 f5 11. f3 f4 12. g4 h5 13. g5 h4 14. h3 Kf7 15. Qe1 Rh8 16.
Kh2 Ng8 17. Rg1 Qxg5 18. Bf1 Qe7 19. b4 Rh5 20. Nb3 Rg5 21. Qf2 Rg3 22. Bd2 Qd7
23. Kh1 g5 24. Be1 Rxh3+ 25. Bxh3 Qxh3+ 26. Qh2 Qxf3+ 27. Qg2 Qxg2+ 28. Rxg2
Bf6 29. Nd2 g4 30. Rh2 g3 31. Rg2 h3 32. Rg1 Bh4 33. Nf3 g2+ 34. Kh2 Bxe1 35.
Raxe1 Nh6 36. Ng5+ Kf6 37. Nxh3 f3 38. Nf2 Ng4+ 39. Kg3 Nxf2 40. Kxf2 Bg4 41.
Nd1 Kg5 42. Kg3 Nf6 43. Re3 Nh5+ 44. Kf2 Rf8 45. Ke1 Ng3 46. Kf2 Nh1+ 47. Ke1
f2+ 48. Nxf2 Rxf2 49. c5 Rxa2 50. Rxg2 Rxg2 51. Kf1 Rb2 52. Kg1 Nf2 53. b5 Nh3+
0-1

[Event "DEM U18w 2000"]
[Site "Überlingen GER"]
[Date "2000.06.06"]
[Round "5"]
[White "Piochacz, Petra"]
[Black "Wenke, Andrea"]
[Result "1-0"]
[Termination "normal"]
[Board "10"]
[WhiteElo "1589"]
[BlackElo "992"]
[PlyCount "153"]
[BlackFideId "24677736"]
[EventCountry "GER"]
[EventRounds "9"]
[EventType "swiss"]
[EventDate "2000.06.03"]

1. e4 e5 2. Nf3 Nc6 3. Bc4 Bc5 4. c3 Nf6 5. d3 h6 6. b4 Bb6 7. a4 a6 8. Be3
Bxe3 9. fxe3 d6 10. O-O O-O 11. Nbd2 Re8 12. Qe1 Nh5 13. Qf2 Qf6 14. Nh4 Qxf2+
15. Rxf2 Be6 16. Bxe6 Rxe6 17. d4 Rf6 18. Nf5 exd4 19. exd4 Kh7 20. g4 Rg6 21.
h3 Nf6 22. Nh4 Rg5 23. Re2 Ne5 24. dxe5 Rxe5 25. Nhf3 Re6 26. Rae1 Rae8 27. Kf2
b6 28. e5 dxe5 29. Rxe5 Rxe5 30. Rxe5 Rxe5 31. Nxe5 Nd5 32. Ne4 f6 33. Nc6 Nf4
34. Kg3 Nd3 35. Nb8 a5 36. bxa5 bxa5 37. Na6 c6 38. Nb8 c5 39. Nc6 c4 40. Nxa5
Nb2 41. Nc5 g5 42. Nc6 Nd3 43. a5 Nxc5 44. Kf3 Kg6 45. Ke3 f5 46. gxf5+ Kxf5
47. Kd4 Ne6+ 48. Kxc4 Nc7 49. Kc5 Ke6 50. c4 h5 51. Kb6 Kd7 52. Ne5+ Kc8 53. a6
Na8+ 54. Kc6 Kb8 55. Kd5 Nc7+ 56. Ke4 Nxa6 57. Kf5 Nc5 58. Kxg5 Ne6+ 59. Kxh5
Nf4+ 60. Kg4 Ne6 61. Kf5 Nd4+ 62. Kf6 Kc7 63. c5 Ne2 64. c6 Nf4 65. h4 Kd6 66.
Kf5 Nd5 67. h5 Ke7 68. Ng6+ Kf7 69. Ke5 Nc7 70. Kd6 Nb5+ 71. Kd7 Kg7 72. c7
Nxc7 73. Kxc7 Kh6 74. Nf4 Kg5 75. Kd7 Kh6 76. Ke7 Kg5 77. Kf7 1-0